000
00294nam a2200121Ia 4500
008
190216s9999||||xx |||||||||||||| ||und||
100
_a
Kunhahammad Moulavi M V
245
0
_a
Nupathiya Kthuthuba
260
_b
Amina Book Stall
_c
1976
300
_a
280
650
_a
Islamic History
942
_c
BK
999
_c
22257
_d
22257